00726nam a22001937a 4500003000400000005001700004008004100021017004500062020001800107040002400125100003500149245012900184260003200313300002000345504004300365650002800408650005900436650003700495OSt20190703173657.0190703s2019 spc|||||||||| 0|0 | spa|d aDL B-7.750-2019bBiblioteca de Catalunya a9788416883721 aES-BaUICbcatcCDMR1 aArgemí Ballbé, Marcd1979-14aLos siete hábitos de la gente desinformada b: cómo informarse y tomar decisiones en las redes sociales /cMarc Argemí aBarcelona :bConecta,c2019 a220 p. ;c23 cm aInclou referències bibliogràfiques 7aDesinformació2lemac 07aMitjans de comunicació de massaxInfluència2lemac07aXarxes socials en línia2lemac